01830nam a2200193 i 4500001000700000003000900007005001700016008004100033080001400074080001400088110003500102245009400137260005100231300002000282505115100302852004601453999001901499952011801518172000ES-MaACL20230929062538.0090610s1872 sp |||| | spa d a821.134.2 a811.134.22 aReal Academia Española9633610aDiscursos leídos ante la Real Academia Española, f1872 / cReal Academia Española. aMadrid : b[s.n.], c1872 (fImp. Rivadeneyra) a1 v. ; c25 cm.8 aContiene: De la elocuencia parlamentaria / Antonio Benavides (60 p.). Del drama lírico y de la lengua castellana como elemento musical / Antonio Arnao (41 p.). Contestación / Antonio María Segovia (p. 43-79). Teoría métrica de los romances castellanos / Luis Fernández-Guerra y Orbe (44 p.). Contestación / Aureliano Fernández-Guerra y Orbe (p.45-88). Del carácter de las pasiones en la tragedia y en el drama / Francisco de Paula Canalejas (47p.). Resumen de las tareas y actos de la Real Academia Española durante el año académico de 1875 a 1876 / Manuel Tamayo y Baus (32 p.). Elogio de D. Juan Nicasio Gallego / Antonio Arnao (31 p.). Causas de la decadencia de la literatura nacional bajo los últimos reinados de la Casa de Austria / Gaspar Nuñez de Arce (44 p.). Constestación / Juan Valera (p. 45-80). La moral en el arte / Pedro Antonio de Alarcón (44 p.). Contestación / Cándido Nocedal (p.45-74). La literatura aljamiada y la expulsión de los moriscos / Eduardo Saavedra (56 p.). Contestación / Antonio Cánovas del Castillo (p. 57-100). Apéndices al discurso de Eduardo Saavedra (p. 101-190). aES-MaACLjK-143 z- Enc. pasta española c172000d172000 001040708LIBXIXaATENEOMbATENEOMcADMd2009-06-10l0oK-143p1180506r2023-02-23 00:00:00w2023-02-23yMONANT